Domestic Enquiry & Punishment (Record no. 684584)

MARC details
000 -LEADER
fixed length control field 00339nam a2200133Ia 4500
008 - FIXED-LENGTH DATA ELEMENTS--GENERAL INFORMATION
fixed length control field 230627s9999 xx 000 0 und d
020 ## - INTERNATIONAL STANDARD BOOK NUMBER
International Standard Book Number 81-7177-096-7
041 ## - LANGUAGE CODE
Language code of text/sound track or separate title mar
082 ## - DEWEY DECIMAL CLASSIFICATION NUMBER
Classification number 344.012 578
Item number MAL
100 ## - MAIN ENTRY--PERSONAL NAME
Personal name Mallick M. R
245 ## - TITLE STATEMENT
Title Domestic Enquiry & Punishment
250 ## - EDITION STATEMENT
Edition statement 3ed.
260 ## - PUBLICATION, DISTRIBUTION, ETC.
Place of publication, distribution, etc. Calcutta
Name of publisher, distributor, etc. Eastern Law House
Date of publication, distribution, etc. 1988
Holdings
Withdrawn status Lost status Damaged status Not for loan Collection Home library Current library Date acquired Cost, normal purchase price Total Checkouts Full call number Barcode Date last seen Price effective from Koha item type
Withdrawn       NLP LL.B New Law College, Pune New Law College, Pune 31/03/1999 300.00   344.012 578 MAL NLP-N04627 17/07/2023 17/07/2023 Book